| 000 | 00931cab a2200217 4500 | ||
|---|---|---|---|
| 001 | WB2745-44 | ||
| 008 | 090401t1991 xxu||||| |||| 00| 0 eng d | ||
| 035 | _a(Sirsi) u44984 | ||
| 041 | _aeng | ||
| 245 | _aFears for private rail and road projects | ||
| 260 | _c1991 | ||
| 350 | _a0 | ||
| 490 |
_aFinancial Times _v20 November 1991, 12(1) |
||
| 520 | _aA survey of Britain`s leading development and construction groups concludes that it is unlikely that the private sector will meet the cost of the channel tunnel rail link because it will not offer an adequate return on the investment. "Private sector investment in transport infrastructure" is available free from Touche Ross, Peterborough Court, 133 Fleet Street London EC4A 2TR. | ||
| 650 | _aCHANNEL TUNNEL RAIL LINK | ||
| 650 |
_aInfrastructure _96246 |
||
| 650 | _aPRIVATE FUNDING | ||
| 690 | _aTRANSPORT AND COMMUNICATIONS | ||
| 942 | _n0 | ||
| 948 | _c04/03/1997 | ||
| 999 |
_c28593 _d28593 |
||